Vista normal
Vista MARC
Entrada Personal Name
Número de registros utilizados en: 1
001 - CONTROL NUMBER
- control field: 18765
003 - CONTROL NUMBER IDENTIFIER
- control field: OSt
005 - DATE AND TIME OF LATEST TRANSACTION
- control field: 20210310221645.0
008 - FIXED-LENGTH DATA ELEMENTS
- fixed length control field: 210310|| aca||aabn | a|a d
040 ## - CATALOGING SOURCE
- Original cataloging agency: OSt
- Transcribing agency: OSt
100 ## - HEADING--PERSONAL NAME
- Personal name: Luis Buendia Garcia, Juan Pablo Mateo Tome, Bibiana Garcia, Ricardo Molero, Ma Jose Paz, Jaime Alberto Rendon, Antonio Sanabria, Eduardo Sanchez, Rodrigo Santana
670 ## - SOURCE DATA FOUND
- Source citation: Work cat.: (OSt): Luis Buendia Garcia, Juan Pablo Mateo Tome, Bibiana Garcia, Ricardo Molero, Ma Jose Paz, Jaime Alberto Rendon, Antonio Sanabria, Eduardo Sanchez, Rodrigo Santana , ¿Alternativas de neoliberalismo en america latina? Las politicas economicas en venezuela, brasil, uruguay, bolivia y ecuador , 2013